| 000 | 00492nam a2200181Ia 4500 | ||
|---|---|---|---|
| 008 | 240925s9999 xx 000 0 und d | ||
| 020 | _a013748898X | ||
| 082 | _a005.268 NEO | ||
| 100 | _aNeou, Vivian | ||
| 245 | 0 | _aActive X: controls to go | |
| 250 | _aNA | ||
| 260 |
_aNew Jersey: _bPrintice- Hall Int. _c,1997. |
||
| 300 |
_axvi,412p. _bNA _fOriginal |
||
| 500 | _aIncludes Index | ||
| 600 | _aComputer Science | ||
| 650 | _aComputer science, information & general works | ||
| 942 | _cBK | ||
| 999 |
_c5130 _d5130 |
||